Statystyki dla Dopasuj państwo do miasta - Europa #1

Kliknij tutaj aby rozwiązać quiz!

Ogólne statystyki

  • Ten quiz został rozwiązany 289 razy
  • Średni wynik to 12 z 17

Statystyki odpowiedzi

MiastoPaństwo% Poprawnych
SosnowiecPolska
97%
RygaŁotwa
94%
BudapesztWęgry
94%
DüsseldorfNiemcy
93%
BirminghamWielka
Brytania
91%
PilznoCzechy
89%
GöteborgSzwecja
86%
La ValettaMalta
84%
EssenNiemcy
76%
AntwerpiaBelgia
75%
IzmirTurcja
71%
TimișoaraRumunia
56%
OdenseDania
55%
MariborSłowenia
51%
KópavogurIslandia
38%
PrizrenKosowo
19%
BitolaMacedonia
Północna
15%

Rozkład punktacji

Percentyl według liczby udzielonych odpowiedzi

Procent ludzi z każdym wynikiem

Twoja historia wyników

Nie rozwiązałeś tego quizu